000 01276cam a2200409 a 4500
001 8415
003 FISKH
005 20250911091755.0
008 040319s2003 nyua 000 1 eng d
010 _a 2004297505
020 _a0843102683
020 _a9780843102680
020 _a9780439556569
035 _a13529733
035 _a(OCoLC)53832213
040 _aWRac
_cWRac
_dDLC
_beng
050 _aPZ7.M56775 L
082 _a454
100 1 _aMetzger, Steve
245 1 2 _aA little snowflake /
_cby Steve Metzger ; illustrated by Monica Wellington
260 _aNew York :
_bScholastic,
_c2003.
300 _a30 unnumbered pages :
_bcolor illustrations ;
_c26 cm
500 _aTitle shows through hole in cover.
500 _aOn board pages.
505 _aJ
520 _aOne little snowflake leads the way to a special treat on Christmas Day.
521 8 _a490
_bLexile AD
521 8 _aJ
_bRaz-Plus
650 0 _aChristmas stories.
650 0 _aSnowflakes
_vJuvenile fiction.
650 0 _aStories in rhyme.
655 7 _aFiction.
_2lcgft
_0https://id.loc.gov/authorities/genreForms/gf2014026339
700 _aWellington, Monica
906 _a7
_bcbc
_ccopycat
_d3
_encip
_f20
_gy-gencatlg
942 _2ddc
_cBK
_n0
999 _c8415
_d8415